00423nam a22001217a 4500008004100000100003000041245010200071260000900173300001300182650002400195700002000219773006200239190814b ||||| |||| 00| 0 eng d aKapooria, Pallavi (Joshi) aAssessing the service quality dimensions: an empirical study of management education institutions c2019 ap.30-39. aBusiness management aJain, Chanchala aPrestige International Journal of Management and Research